Tutti gli Stati che hanno controllato Fez - Statistics

Statistiche generali
  • Questo quiz è stato fatto 7 volte
  • Il punteggio medio è 8 su 14
Statistiche sulle risposte
con Immagini Hint Risposta % Corretto
1944 Alleati (USA, UK, Francia Libera)
100%
1912 - 1944 Impero Coloniale Francese (Protettorato del Marocco)
100%
1944 - 1956 Impero Coloniale Francese (Protettorato del Marocco)
100%
1956 - Oggi Regno del Marocco
100%
927 - 980 Imamato Fatimide
80%
1075 - 1146 Emirato Almoravide
60%
1659 - 1912 Sultanato del Marocco
60%
1146 - 1244 Califfato Almohade
40%
789 - 927 Sultanato Idriside
40%
1244 - 1465 Sultanato Merinide
40%
1554 - 1659 Sultanato Sa'diano
40%
1456 - 1554 Sultanato Wattaside
40%
980 - 1031 Califfato di Cordoba
20%
1031 - 1075 Emirato Maghrawa
20%
Nessun quiz corrispondente trovato
Distribuzione punteggi
Percentuale di utenti per punteggio
Percentile per numero di risposta
I tuoi punteggi nel tempo
Non hai fatto questo quiz